00433nam a2200193Ia 4500003000900000008004100009040001300050040001300063041000800076100002400084100000800108245005800116250000900174260001800183260000900201300001100210300001200221490000600233IT-RoPAU120407s9999 xx 000 0 und d aIT-RoPAU cIT-RoPAU aita aConstant Van Gestel cop. aIntroduzione all’insegnamento sociale della chiesa. aRoma aCittà Nuova c1963 a215 p. c21,5 cm v1